| 000 | 00866nam a22002297a 4500 | ||
|---|---|---|---|
| 005 | 20170124110013.0 | ||
| 010 | _aA-760474 | ||
| 020 |
_c165.00 _a812300284 |
||
| 035 | _aA-760474 | ||
| 037 | _bCen Lib/Ret | ||
| 040 |
_aDPL _bEN |
||
| 082 |
_a301.153 _bUPP |
||
| 100 |
_aUppal, J. N. _918252 |
||
| 245 |
_aGandhi : _cby Uppal J. N. _bordained in South Africa / |
||
| 260 |
_aNew Delhi _b Publications, Division, Ministry of Information and Broadcasting, Govt. of India _c1995 |
||
| 270 |
_bNew Delhi _aPatiala House _e110001 |
||
| 300 |
_a443p. _c21cm(Hb) |
||
| 500 | _aIncludes bibliographical references and index | ||
| 650 |
_aPolitical science _918253 |
||
| 650 |
_aEast Indians--Politics and government _914142 |
||
| 942 |
_2ddc _cEN _h301.153 _mUPP |
||
| 999 |
_c126704 _d126704 |
||